000 00775cam a22002291 4500
001 sg 46000136
003 DLC
005 20260227112748.0
008 741210s1946 xx 000 0 eng
010 _asg 46000136
035 _a(OCoLC)1106183
040 _aDLC
_cTxU-Da
_dDLC
042 _apremarc
050 0 0 _aRC312
_b.H57
082 _a362.196246
100 1 _aHoland, Harold,
_eed.
245 1 2 _aA mirror for cure-takers;
_ba book about the cure-taking experience,
_cby Wisconsin people who have felt that experience deeply. Edited by Harold Holand.
260 _aMilwaukee, Wis.,
_bWisconsin anti-tuberculosis ass'n
_c[1946]
300 _axx, 184 p.
_billus. (incl. ports)
_c24 cm.
650 0 _aTuberculosis.
710 2 _aWisconsin Anti-Tuberculosis Association.
999 _c90753
_d90753